| 000 | 01329nam a22002897a 4500 | ||
|---|---|---|---|
| 999 |
_c65811 _d65811 |
||
| 005 | 20240530110844.0 | ||
| 008 | 200912s2020 ua a f b 000 0dara d | ||
| 017 |
_a2019/28299 _bمصر. دار الكتب |
||
| 020 | _a9789773444389 | ||
| 040 |
_aEG-CaGPL _cEG-CaGPL |
||
| 082 | 0 | 4 |
_221 _a953.082 _bق/م س |
| 100 | 0 | _aمحمد الششتاوى | |
| 245 | 1 | 2 |
_aالسلطان الظاهر بيبرس البندقدارى قاهر المغول والصليبيين : _bويليه ابناه السلطان السعيد بركة خان والسلطان العادل سلامش _cمحمد الششتاوى |
| 250 | _aط.1 | ||
| 260 |
_aالقاهرة : _bدار الافاق العربية، _c2020 |
||
| 300 |
_a694 ص. ؛ _c24 سم. |
||
| 490 | 0 |
_aموسوعة سلاطين المماليك : تاريخهم - اثارهم - اوقافهم ؛ _v2 |
|
| 504 | _aيشتمل على ارجاعات ببليوجرافية | ||
| 600 | 0 | _aالظاهر بيبرس البندقدارى | |
| 600 | 0 | _aالسعيد بركة خان | |
| 600 | 0 | _aالعادل سلامش | |
| 650 | 0 | 7 |
_aالملوك والحكام _2qrmak |
| 651 | 0 | 7 |
_2qrmak _aدولة المماليك |
| 651 | 0 | 7 |
_aالعالم العربى _xتاريخ _yعصر المماليك |
| 942 |
_2ddc _cBK |
||